000 00939nam0a22002771 4500
001 RU\INFOCOMM_327\NLR\5000074318
005 20250614080429.0
035 _a(NLR Aleph) 010600669
090 _a10535909
_c10535909
100 _a20130322d1930 |||y0rusy50 ca
101 0 _ager
102 _aRU
105 _ay z||||
200 1 _aBöden des europäischen teiles der U. d. SSR
_fVon L. I. Prassolow
210 _aMoskau
_cStaatlicher Planungsausschuss für die wirtschaft der U. d. SSR
_d1930
215 _a76 с.
_d21 см
225 1 _aFührer auf der Rundreise des Zweiten internationalen Kongresses für bodenkunde
_vBd. 1
620 _aМосква
700 1 _9z01790
_aPrasolov
_bL. I.
712 1 2 _aInternationaler Kongress für bodenkunde
_d2
_f1930
_4570
790 1 _9z01700
_aPrassolow
_bL. I.
_4070
801 1 _aRU
_bInfocomm
_c20130322
801 0 _aRU
_bINFOCOMM
_gPSBO
852 _aNLR
_jЕ-17/41
942 _cBOOK
980 _aNB